Catálogo

JUAREZ Y LA REPUBLICA (Registro nro. 3629)

Detalles MARC
000 -LEADER
fixed length control field 00456nam a2200181 a 4500
001 - CONTROL NUMBER
control field 3629
005 - DATE AND TIME OF LATEST TRANSACTION
control field 20180713183539.0
008 - FIXED-LENGTH DATA ELEMENTS--GENERAL INFORMATION
fixed length control field 140415s1973 mx 000 0 spa d
041 ## - LANGUAGE CODE
Language code of text/sound track or separate title spa
082 ## - DEWEY DECIMAL CLASSIFICATION NUMBER
Classification number 972.05
Item number FUE
100 1# - MAIN ENTRY--PERSONAL NAME
Personal name FUENTES MARES, JOSE
245 10 - TITLE STATEMENT
Title JUAREZ Y LA REPUBLICA
250 ## - EDITION STATEMENT
Edition statement 2A ED.
260 ## - PUBLICATION, DISTRIBUTION, ETC.
Place of publication, distribution, etc. MEXICO :
Name of publisher, distributor, etc. JUS,
Date of publication, distribution, etc. 1973
300 ## - PHYSICAL DESCRIPTION
Extent 188
490 ## - SERIES STATEMENT
Series statement MEXICO HEROICO
Volume/sequential designation 45
650 14 - SUBJECT ADDED ENTRY--TOPICAL TERM
Topical term or geographic name entry element MEXICO
General subdivision HISTORIA
-- 1867
-- 1910
Existencias
Withdrawn status Lost status Source of classification or shelving scheme Damaged status Not for loan Collection code Home library Current library Shelving location Date acquired Source of acquisition Inventory number Total Checkouts Full call number Barcode Date last seen Price effective from Koha item type
    Dewey Decimal Classification     General Biblioteca Karol Wojtyla Biblioteca Karol Wojtyla Sala general 03/12/2013 Compra 151000000000000000037753   972.05 FUE 14852 05/01/2026 03/12/2013 Libro